000 01143cam a22003017a 4500
999 _c330375
_d330375
001 17076725
003 NUST
005 20170623095808.0
008 111209s2011 pk 000 0 urd
010 _a 2011327799
025 _aP-U-2011327799; 10
037 _bLibrary of Congress -- Islamabad Overseas Office
_cRs 250
040 _aDLC
_cDLC
042 _alcode
050 0 0 _aMLCSA 2012/00493 (P)
066 _c(3
_c(4
082 _a891.4391
_bASI
100 1 _6880-01
_aAsīr, Bashīr Zaidī.
_93126
245 1 0 _6880-02
_aZanjīr-i k̲h̲vāb /
_cBashīr Zaidī Asīr.
260 _6880-03
_aRāvalpinḍī :
_bAbū al-Qalam Ikaiḍamī,
_c2011
300 _a228 p. ;
_c21 cm.
500 _aPoems.
546 _aIn Urdu.
650 _aUrdu literature- Poems
_91989
880 1 _6100-01/(3/r‏
_a‏اسير، بشير زيدى.
880 1 0 _6245-02/(3/r‏
_a‏زنجير خواب /‏
_c‏بشير زيدى اسير.
880 _6260-03/(3/r‏
_a‏راولپنڈى :‏
_b‏ابو القلم اکيڈمى،‏
_c2011
906 _a7
_bcbc
_corigode
_d4
_encip
_f20
_gy-nonroman
942 _2ddc
_cBK